000 01029nab a22002057a 4500
999 _c5859
_d5859
003 OSt
005 20260108223710.0
008 190514b xxu||||| |||| 00| 0 spa d
040 _cPJ
100 _94293
_aDuprat, Carolina
245 1 0 _aBalance, consolidación y desafíos en cuidado personal de los/as hijos/as /
_cCarolina Duprat.
300 _ap. 202-215
505 _aSumario: I. Introducción.— II. El principio de coparentalidad.— III. Las consecuencias de la violación al deber de coparentalidad.— IV. Cuidado compartido y plan de parentalidad.— V. La diferenciación entre cuidado compartido indistinto y alternado, ¿para qué?— VI. Breves palabras de cierre.
505 _tSi te interesa el texto, comunicate a koha@justierradelfuego.gov.ar
650 0 _91497
_aCODIGO CIVIL Y COMERCIAL
650 0 _9967
_aDERECHO DE FAMILIA
650 0 _96748
_aPARENTALIDAD COMPARTIDA
773 0 _02844
_93222
_dBuenos Aires : AbeledoPerrot, 1989-
_tDerecho de familia. N° 120 - Julio 2025
_z18511201
942 _2udc
_cANA